| 000 | 00566nam a22002057a 4500 | ||
|---|---|---|---|
| 003 | OSt | ||
| 005 | 20251028145037.0 | ||
| 008 | 251028b |||||||| |||| 00| 0 eng d | ||
| 020 | _a8885039677 | ||
| 020 | _a9798885039673 | ||
| 040 | _cDDC | ||
| 082 | _a004.1 KAV 2021 | ||
| 100 |
_aKavuri, Chandra _919503 |
||
| 245 | _a Microprocessors: a step-wise approach to advanced processors | ||
| 260 | _aIndia; Notion Press, 2021 | ||
| 300 | _ax,446p.; Ill: 23cm | ||
| 504 | _aReferences, & index included | ||
| 650 |
_a Microprocessors _912816 |
||
| 942 |
_2z _cO_SHELF |
||
| 999 |
_c9585 _d9585 |
||